Départements qui ont le plus voté RN aux élections européennes de 2024 - Statistiques

Statistiques générales
  • Ce quiz a été pris 44 fois
  • Le résultat moyen est 15 sur 23
Statistiques - réponses
Hint Réponse % Correct
47,5 Pas de calais
91%
42,6 Somme
83%
43,2 Var
80%
40,5 Moselle
77%
43,3 Oise
71%
40,2 Vaucluse
71%
50,6 Aisne
69%
40,4 Gard
69%
46,0 Meuse
69%
45,9 Ardennes
66%
40,3 Marne
66%
52,4 Mayotte
66%
40,6 Aude
57%
42,7 Eure
57%
47,1 Haute Marne
57%
42,0 Vosges
57%
41,7 Corse du sud
54%
40,0 Haute Corse
54%
41,4 Yonne
54%
44,1 Aube
51%
45,8 Haute-Saône
51%
40,1 Indre
51%
43,4 Pyrénées orientales
46%
Aucun quiz correspondant
Distribution des résultats
% des personnes avec chaque résultat
Percentile par nombre de réponses
Votre historique - résultats
Vous n’avez pas pris ce quiz